Ghosts of memory : essays on remembrance and relatedness

Αποθηκεύτηκε σε:
Λεπτομέρειες βιβλιογραφικής εγγραφής
Άλλοι συγγραφείς: Carsten, Janet (Επιμελητής έκδοσης)
Μορφή: Βιβλίο
Γλώσσα:English
Δημοσίευση: Malden, MA ; Oxford : Blackwell Pub., 2007
Θέματα:
Ετικέτες: Προσθήκη ετικέτας
Δεν υπάρχουν, Καταχωρήστε ετικέτα πρώτοι!

MARC

LEADER 00000nam a2200000 i 4500
001 1/11205
008 101207s2007 eng d
020 |a 978-1-4051-5423-9 
035 |l 10109321 
040 |a GR-MY-UA  |b gre  |e aacr 
041 0 |a eng 
082 0 |a 153.12  |2 (22) 
245 1 0 |a Ghosts of memory :  |b essays on remembrance and relatedness /  |c edited by Janet Carsten 
260 |a Malden, MA ; Oxford :   |b Blackwell Pub.,   |c 2007 
300 |a xi, 253 σ.;  |c 24 εκ. 
500 |a "Essays ... originally presented at a conference on Kinship and Memory in Anthropology and Beyond, held at the University of Edinburgh in December 2004"--Ack. 
504 |a Περιέχει βιβλιογραφία και ευρετήρια 
650 0 0 |a Kinship. 
650 0 0 |a Memory  |x Social aspects. 
700 1 |a Carsten, Janet.  |4 edt 
852 |a INST  |b LESVOS  |e 20101207  |h 153.12 GHO  |p 005100049504  |q 005100049504  |t BK  |y 0 
901 |a BIBL1-2010-3 
909 |a Λ  |b 166798 
922 |a 1ΕΛΗ  |b 201011  |c ΤΑΚΤΙΚΟΣ ΒΙΒΛΙΟΘΗΚΗΣ  |d ΜΙΧΑΛΟΠΟΥΛΟΣ 
970 |a ΤΖΑΦΕΡΗ  |b ΕΥΑΓΓΕΛΙΑ  |z 2010/12/07